000
00241nam a22000857a 4500
008
170111b xxu||||| |||| 00| 0 eng d
100
_9
2319
_a
Doshi. D. M
245
_a
My Green world: Environmental-2
260
_a
New Delhi
_b
Cardova publication
_c
2007
999
_c
5253
_d
5253